Handbook of Bangladesh Standards on Auditing, Assurance, and Ethics Pronouncements(Vol-2) (Record no. 6358)
[ view plain ]
| 000 -LEADER | |
|---|---|
| fixed length control field | 00597nam a22001697a 4500 |
| 003 - CONTROL NUMBER IDENTIFIER | |
| control field | BUBTL |
| 008 - FIXED-LENGTH DATA ELEMENTS--GENERAL INFORMATION | |
| fixed length control field | 200913b xxu||||| |||| 00| 0 eng d |
| 082 ## - DEWEY DECIMAL CLASSIFICATION NUMBER | |
| Classification number | 657.452095492/INH |
| 100 ## - MAIN ENTRY--PERSONAL NAME | |
| Personal name | The Institute of Chartered Accountants of Bangladesh |
| 9 (RLIN) | 1601 |
| 245 ## - TITLE STATEMENT | |
| Title | Handbook of Bangladesh Standards on Auditing, Assurance, and Ethics Pronouncements(Vol-2) |
| 260 ## - PUBLICATION, DISTRIBUTION, ETC. (IMPRINT) | |
| Place of publication, distribution, etc. | Dhaka |
| Name of publisher, distributor, etc. | The Institute of Chartered Accountants of Bangladesh |
| Date of publication, distribution, etc. | c2009 |
| 300 ## - PHYSICAL DESCRIPTION | |
| Extent | 744p . : |
| Other physical details | ill . ; 21cm. |
| 650 ## - SUBJECT ADDED ENTRY--TOPICAL TERM | |
| Topical term or geographic name as entry element | Accounting |
| 9 (RLIN) | 3455 |
| 856 ## - ELECTRONIC LOCATION AND ACCESS | |
| Password | 0 |
| Logon | 0 |
| Link text | Download |
| 942 ## - ADDED ENTRY ELEMENTS (KOHA) | |
| Source of classification or shelving scheme | |
| Koha item type | Books |
| Withdrawn status | Lost status | Source of classification or shelving scheme | Damaged status | Not for loan | Collection code | Permanent location | Current location | Shelving location | Date acquired | Inventory number | Total Checkouts | Full call number | Barcode | Date last seen | Copy number | Price effective from | Koha item type |
|---|---|---|---|---|---|---|---|---|---|---|---|---|---|---|---|---|---|
| Non-fiction | Bangladesh University of Business and Technology Library | Bangladesh University of Business and Technology Library | Accounting Stacks | 09/13/2020 | 19528 | 657.452095492/INH | BUBTL-200319528 | 09/13/2020 | C-1 | 09/13/2020 | Books | ||||||
| Non-fiction | Bangladesh University of Business and Technology Library | Bangladesh University of Business and Technology Library | Accounting Stacks | 09/13/2020 | 14765 | 657.452095492/INH | BUBTL-200314765 | 09/13/2020 | C-2 | 09/13/2020 | Books | ||||||
| Non-fiction | Bangladesh University of Business and Technology Library | Bangladesh University of Business and Technology Library | Accounting Stacks | 09/13/2020 | 14766 | 657.452095492/INH | BUBTL-200314766 | 09/13/2020 | C-3 | 09/13/2020 | Books | ||||||
| Non-fiction | Bangladesh University of Business and Technology Library | Bangladesh University of Business and Technology Library | Accounting Stacks | 09/13/2020 | 14767 | 657.452095492/INH | BUBTL-200314767 | 09/13/2020 | C-4 | 09/13/2020 | Books | ||||||
| Non-fiction | Bangladesh University of Business and Technology Library | Bangladesh University of Business and Technology Library | Accounting Stacks | 09/13/2020 | 14768 | 657.452095492/INH | BUBTL-200314768 | 09/13/2020 | C-5 | 09/13/2020 | Books |
